| 000 | 00679nam a2200181 4500 | ||
|---|---|---|---|
| 001 | 143174 | ||
| 003 | ES-MaACL | ||
| 005 | 20251220174400.0 | ||
| 007 | t| | ||
| 008 | 070214s1973 sp r ||||1| spa d | ||
| 111 | 2 |
_aSeminario Universitario Interamericano sobre Asuntos Municipales _c(Málaga _d(1972) _n(8ª) _9135213 |
|
| 245 | 1 | 0 | _aVIII Seminario Universitario Interamericano sobre Asuntos Municipales. |
| 260 |
_aMadrid : _bInstituto de Estudios de Administración Local, _c1973. |
||
| 300 |
_a246 p. ; _c24 cm. |
||
| 710 | 2 | 0 |
_aInstituto de Estudios de Administración Local (España) _94893 |
| 852 |
_aES-MaACL _jC-54664 _bR.87100 |
||
| 999 |
_c143174 _d143174 |
||